000 00521nam a2200217Ia 4500
008 210210b1929 xxu||||| |||| 00| 0 eng d
041 _aeng
082 _a954/684
100 _aBAHADUR (Rao H)
245 _aSouth Indian inscriptions Vol III
260 _aMadras
_bSuperintendent Government Printing
_c1929
300 _a530
650 _aVol
650 _aSouth
650 _ainscriptions
650 _aIndian
650 _aIII
690 _aIndian History
700 _aSASTRI (Krishna)
906 _a002184
999 _c121121
_d121121